| 000 | 00608nam a2200193 a 4500 | ||
|---|---|---|---|
| 005 | 20210219151744.0 | ||
| 008 | 991125s1958 mx 000 0 spa u | ||
| 035 | _aUPN01000040310 | ||
| 049 | _aSEP | ||
| 050 | 4 |
_aML82 _bP8.4 |
|
| 100 | 1 | _aPulido, Esperanza | |
| 245 | 1 | 3 |
_aLa mujer mexicana en la música : _bhasta la tercera década del siglo XX / _cEsperanza Pulido. |
| 260 |
_aMéxico : _bRevista Bellas Artes, _c1958. |
||
| 300 |
_a126 p. : _bil., fotos |
||
| 440 | 0 |
_aEdiciones de la Revista Bellas Artes ; _v7 |
|
| 650 | 4 |
_aMUJERES MEXICANAS - _xMUSICA |
|
| 650 | 4 | _aMUSICA MEXICANA | |
| 905 | _aLibro | ||
| 999 |
_c40310 _d40310 |
||